[Event "Joacaba op 2nd"]
[Site "Joacaba"]
[Date "2023.07.01"]
[Round "2"]
[White "Bertusso, Amanda"]
[Black "Marques, Melissa da Costa"]
[Result "0-1"]
[WhiteElo "1726"]
[BlackElo "1069"]
[PlyCount "74"]
[EventDate "2023.06.30"]
[EventType "swiss"]
[EventRounds "6"]
[EventCountry "BRA"]
[SourceTitle "CBM 215 Extra"]
[Source "ChessBase"]
[SourceDate "2023.09.30"]
[SourceVersion "1"]
[SourceVersionDate "2023.09.30"]
[SourceQuality "1"]

1. e4 e5 2. Nf3 Nc6 3. Bc4 Bc5 4. 0-0 d6 5. h3 Nf6 6. Nc3 0-0 7. d3 h6 8. Be3 Bb6 9. d4 Ba5 10. d5 Ne7 11. a3 Ng6 12. b4 Bb6 13. a4 a5 14. b5 Nh5 15. Qe2 Nhf4 16. Bxf4 Nxf4 17. Qd2 Qf6 18. Ne2 Qg6 19. Nxf4 exf4 20. Qxf4 Bxh3 21. Nh4 Qg5 22. Qxg5 hxg5 23. Nf3 Bd7 24. Nxg5 f6 25. Ne6 Rfe8 26. Rad1 Kf7 27. Rd3 c6 28. bxc6 bxc6 29. dxc6 Bxe6 30. Bb5 Red8 31. Rfd1 Bc7 32. f4 Bg4 33. R1d2 Rh8 34. Kf1 Bb6 35. Bc4+ Ke7 36. g3 Rh1+ 37. Kg2 Rah8 0-1

[Event "Catarinense-ch U20 Girls"]
[Site "Rio Negrinho"]
[Date "2023.03.26"]
[Round "6"]
[White "Bittencourt, Alica E Decezare"]
[Black "Marques, Melissa da Costa"]
[Result "1/2-1/2"]
[WhiteElo "1331"]
[BlackElo "1059"]
[PlyCount "51"]
[EventDate "2023.03.24"]
[EventType "swiss"]
[EventRounds "6"]
[EventCountry "BRA"]
[SourceTitle "CBM 213 Extra"]
[Source "ChessBase"]
[SourceDate "2023.05.31"]
[SourceVersion "1"]
[SourceVersionDate "2023.05.31"]
[SourceQuality "1"]

1. e4 e5 2. Nf3 Nc6 3. Bc4 Bc5 4. d3 d6 5. Nc3 Nd4 6. h3 h6 7. Be3 c6 8. 0-0 Nf6 9. a3 a6 10. Bxd4 exd4 11. Ne2 d5 12. exd5 Nxd5 13. Nexd4 0-0 14. Re1 Nf4 15. Re4 Qd6 16. Qd2 Nd5 17. c3 b5 18. Bxd5 Qxd5 19. Re5 Qd6 20. Nf5 Bxf5 21. Rxf5 Rae8 22. Qf4 Qxf4 23. Rxf4 Re2 24. d4 Bd6 25. Rf5 Rxb2 26. Ne5 1/2-1/2

[Event "Concordia op 6th"]
[Site "Concordia"]
[Date "2022.10.15"]
[Round "7"]
[White "Kaori Shikasho, Kariny"]
[Black "Marques, Melissa da Costa"]
[Result "1/2-1/2"]
[WhiteElo "1802"]
[BlackElo "1082"]
[PlyCount "56"]
[EventDate "2022.10.12"]
[EventType "swiss"]
[EventRounds "9"]
[EventCountry "BRA"]
[SourceTitle "CBM 210 Extra"]
[Source "ChessBase"]
[SourceDate "2022.11.30"]
[SourceVersion "1"]
[SourceVersionDate "2022.11.30"]
[SourceQuality "1"]

1. e4 e5 2. Nf3 Nc6 3. Bb5 Bd6 4. 0-0 Nd4 5. Nxd4 exd4 6. Re1 Be5 7. d3 Qe7 8. Qf3 Nf6 9. Bf4 c6 10. Ba4 d6 11. h3 0-0 12. c3 c5 13. Bg5 Bd7 14. Bb3 Be6 15. cxd4 cxd4 16. Rc1 Rac8 17. Nd2 b5 18. a4 Bxb3 19. Nxb3 a6 20. axb5 axb5 21. Rxc8 Rxc8 22. Ra5 Qb7 23. Qf5 Ra8 24. Rxa8+ Qxa8 25. Bxf6 Bxf6 26. Qd7 Qb8 27. Na5 h6 28. Nc6 Qa8 1/2-1/2